[Event "Moncada Cup"]
[Site "Santiago de Cuba"]
[Date "2017.03.29"]
[Round "10.2"]
[White "Rodriguez Ruiz, Jose Manuel"]
[Black "Martinez Rosales, Sergio"]
[Result "1-0"]
[WhiteElo "1887"]
[BlackElo "1874"]
[PlyCount "77"]
[EventDate "2017.03.21"]
[EventType "swiss"]
[EventRounds "10"]
[EventCountry "CUB"]
[SourceTitle "EXT 2023"]
[Source "ChessBase"]
[SourceDate "2022.10.05"]
[SourceVersion "1"]
[SourceVersionDate "2022.10.05"]
[SourceQuality "1"]

1. e4 e5 2. Nf3 Nf6 3. Nc3 Nc6 4. Bb5 a6 5. Bxc6 bxc6 6. Nxe5 Bc5 7. 0-0 0-0 8. d4 Bb6 9. a4 h6 10. a5 Ba7 11. Kh1 Qe7 12. f4 c5 13. d5 Bb7 14. Re1 Rfe8 15. Qd3 Nh7 16. Nc4 d6 17. b3 Qh4 18. Bd2 Rad8 19. Qg3 Qf6 20. Rad1 Nf8 21. Ne3 Bc8 22. Ng4 Bxg4 23. Qxg4 Ng6 24. Nb1 Rb8 25. g3 Kh7 26. Bc3 Qe7 27. h4 Rg8 28. h5 Nf8 29. e5 dxe5 30. Rxe5 Qd6 31. Nd2 Nd7 32. Rf5 Nf6 33. Rxf6 gxf6 34. Qf5+ Kh8 35. Bxf6+ Rg7 36. Ne4 Qf8 37. Kg2 Kg8 38. Bxg7 Qxg7 39. Nf6+ 1-0

[Event "Moncada Cup"]
[Site "Santiago de Cuba"]
[Date "2017.03.24"]
[Round "5.2"]
[White "Martinez Rosales, Sergio"]
[Black "Rodriguez Ruiz, Jose Manuel"]
[Result "1/2-1/2"]
[WhiteElo "1874"]
[BlackElo "1887"]
[PlyCount "40"]
[EventDate "2017.03.21"]
[EventType "swiss"]
[EventRounds "10"]
[EventCountry "CUB"]
[SourceTitle "EXT 2023"]
[Source "ChessBase"]
[SourceDate "2022.10.05"]
[SourceVersion "1"]
[SourceVersionDate "2022.10.05"]
[SourceQuality "1"]

1. e4 e5 2. Nf3 Nf6 3. Nxe5 d6 4. Nf3 Nxe4 5. Qe2 Qe7 6. d3 Nf6 7. Bg5 Nbd7 8. Nc3 h6 9. Bxf6 Nxf6 10. 0-0-0 Qxe2 11. Bxe2 Bg4 12. Rhe1 0-0-0 13. h3 Bxf3 14. Bxf3 d5 15. d4 c6 16. Re3 Bd6 17. Kb1 Rhe8 18. Rde1 Kd7 19. Rxe8 Rxe8 20. Rxe8 Kxe8 1/2-1/2

[Event "Bayamo Cespedes Memorial op"]
[Site "Bayamo"]
[Date "2017.03.07"]
[Round "9.17"]
[White "Armesto Casali, Alejandro"]
[Black "Martinez Rosales, Sergio"]
[Result "1-0"]
[WhiteElo "2068"]
[BlackElo "1874"]
[PlyCount "111"]
[EventDate "2017.03.01"]
[EventType "swiss"]
[EventRounds "9"]
[EventCountry "CUB"]
[SourceTitle "EXT 2023"]
[Source "ChessBase"]
[SourceDate "2022.10.05"]
[SourceVersion "1"]
[SourceVersionDate "2022.10.05"]
[SourceQuality "1"]

1. e4 e5 2. Nf3 Nc6 3. Bb5 Nge7 4. 0-0 g6 5. c3 Bg7 6. Re1 d6 7. h3 0-0 8. d4 a6 9. Ba4 exd4 10. cxd4 Bd7 11. a3 Rb8 12. Nc3 Na7 13. Bb3 Nac6 14. Bg5 Kh8 15. Qd2 Qe8 16. Rad1 Ng8 17. e5 dxe5 18. dxe5 Be6 19. Bxe6 fxe6 20. Qe3 Nce7 21. Qc5 Rc8 22. Ne4 Nd5 23. Nf6 Ngxf6 24. exf6 Nxf6 25. Ne5 Nd5 26. Nf3 c6 27. Qd6 Qf7 28. Re2 Rce8 29. Rde1 h6 30. Bc1 Kh7 31. Rxe6 Rxe6 32. Qxe6 Qxe6 33. Rxe6 Rf7 34. Kf1 Re7 35. Rxe7 Nxe7 36. Ke2 Kg8 37. Kd3 Kf7 38. Kc4 b6 39. b4 Ke6 40. Nd4+ Bxd4 41. Kxd4 h5 42. g4 hxg4 43. hxg4 Nd5 44. Bd2 Nc7 45. a4 Nd5 46. a5 bxa5 47. bxa5 Kd6 48. f4 c5+ 49. Kc4 Kc6 50. f5 gxf5 51. gxf5 Kd6 52. Bg5 Ke5 53. Kxc5 Kxf5 54. Kxd5 Kxg5 55. Kc6 Kf6 56. Kb6 1-0

[Event "Bayamo Cespedes Memorial op"]
[Site "Bayamo"]
[Date "2017.03.03"]
[Round "3.17"]
[White "Blanco Milet, Leandro"]
[Black "Martinez Rosales, Sergio"]
[Result "1/2-1/2"]
[WhiteElo "2031"]
[BlackElo "1874"]
[PlyCount "114"]
[EventDate "2017.03.01"]
[EventType "swiss"]
[EventRounds "9"]
[EventCountry "CUB"]
[SourceTitle "EXT 2023"]
[Source "ChessBase"]
[SourceDate "2022.10.05"]
[SourceVersion "1"]
[SourceVersionDate "2022.10.05"]
[SourceQuality "1"]

1. d4 d5 2. Bf4 Nf6 3. Nf3 Bf5 4. e3 e6 5. Be2 Nbd7 6. 0-0 Be7 7. h3 0-0 8. c4 c6 9. Nc3 h6 10. c5 a5 11. Qb3 b6 12. cxb6 Qxb6 13. Qxb6 Nxb6 14. Rfc1 Rfc8 15. Ne5 c5 16. dxc5 Rxc5 17. Nd3 Bxd3 18. Bxd3 Rac8 19. Ba6 Ra8 20. Bd3 Rac8 21. Ne2 Nfd7 22. Ba6 Rxc1+ 23. Rxc1 Rxc1+ 24. Nxc1 e5 25. Bg3 Kf8 26. Nd3 Bd6 27. b3 Ke7 28. Kf1 g5 29. f3 Ke6 30. Be1 a4 31. bxa4 Nxa4 32. Bb5 Nac5 33. Ke2 f5 34. a4 Nxd3 35. Kxd3 Nc5+ 36. Kc2 Bc7 37. a5 Kd6 38. Bb4 h5 39. g4 hxg4 40. hxg4 fxg4 41. fxg4 Bb8 42. Kc3 Ba7 43. Ba4 Kc7 44. Bc2 Kc6 45. Bg6 Na4+ 46. Kd2 Nc5 47. Be8+ Kc7 48. Bb5 Ne4+ 49. Ke2 Nc5 50. Be8 Kb7 51. Bb5 Kc7 52. Bc3 Kd6 53. Bb4 Kc7 54. Kf3 Kd6 55. Ba3 Kc7 56. Ke2 Kd6 57. Ba4 Kc7 1/2-1/2